[Event "Gibraltar Challengers B 2019"]
[Site "Caleta"]
[Date "2019.01.28"]
[Round "3"]
[White "Abdulraheem Abdulrahman Akint"]
[Black "Severijnen, Arjon"]
[Result "0-1"]
[WhiteElo "2224"]
[BlackElo "2120"]
[Annotator "TA"]
[PlyCount "80"]
[EventDate "2019.01.18"]
[EventType "swiss"]
[EventCountry "GGB"]
[SourceTitle "playchess.com"]
[Source "ChessBase"]
[SourceQuality "1"]

{[%evp 10,80,13,0,41,40,35,22,24,21,21,15,12,8,14,0,0,-8,0,-70,-79,-86,-58,-57,-60,-87,-75,-87,-80,-70,-57,-89,-87,-117,-77,-68,0,-86,-37,-426,-468,-512,-503,-497,-497,-511,-503,-511,-499,-865,-850,-776,-781,-1033,-959,-1051,-957,-3202,-2283,-5289,-2175,-1185,0,-5607,-5514,-2352,-2211,-29995,-29989,-29989,-29990,-29990,-29991]} 1. b3 e5 2. Bb2 Nc6 3. e3 Nf6 4. Bb5 Qe7 (4... e4 5. Bxc6 dxc6 6. f3 Bd6 7. Nc3 Qe7 8. fxe4 Nxe4 9. Nf3 Nxc3 10. Bxc3 O-O 11. O-O Bg4 12. Qe2 {0-1 (55) Karjakin,S (2753)-Vidit,S (2702) Kolkata 2018}) 5. Ne2 a6 6. Bxc6 $1 {LiveBook: 3 Games. A01: Nimzowitsch-Larsen Opening} bxc6 7. d4 e4 8. c4 $146 {White is slightly better.} ({Predecessor:} 8. Ba3 d6 9. c4 Ng4 10. h3 Qh4 11. O-O g5 12. hxg4 {1-0 (29) Winterkamp,S-Ritter,T Bayern 2000}) 8... g6 9. Nbc3 Bg7 10. h3 O-O 11. Qc2 d6 12. Ng3 {[%cal Rc3e4]} Re8 13. O-O h5 {[%cal Bh7h5,Bh5h4][%mdl 32]} 14. f3 (14. Nge2 $11) 14... exf3 $15 15. Rxf3 h4 16. Nf1 Bf5 17. Qf2 Ne4 18. Qe1 Qg5 19. Rd1 Re7 20. Ne2 Rae8 21. Qa5 c5 22. Nf4 cxd4 (22... c6 $15) 23. exd4 (23. Bxd4 $11 Bxd4 24. exd4) 23... Ng3 24. Nxg3 $4 {[%mdl 8192]} (24. Bc1 $1 $15) 24... hxg3 $19 25. Rff1 Re4 {[%cal Be7e4,Be4d4,Bd4d3][%mdl 32]} 26. Bc1 Qh4 27. Qxc7 Bxd4+ 28. Rxd4 Rxd4 29. Qc6 (29. Qb7 $142 Ree4 30. Qa8+ Kg7 31. Qc6) 29... Ree4 30. Nd5 Re2 31. Nc3 Re5 32. Qf3 Rd3 33. Qa8+ Kg7 34. Nd5 Qd4+ (34... Rdxd5 $142 35. cxd5 Re2 36. Qxa6 Qe4 37. Qxe2 Qxe2) 35. Kh1 Qh4 $2 ({And not} 35... Rd1 {[#]} 36. Bh6+ $1 {[%mdl 512]} Kh7 37. Nf6+ Kxh6 38. Qh8+ Kg5 39. Nh7+ Kh6 40. Nf6+ Kg5 41. Nh7+ Kh6 42. Nf6+ $11) (35... Re2 $19 36. Bh6+ Kxh6 37. Qf8+ Kh5 38. Qxd6 Rf3 $1 {[%mdl 512]} 39. Nf6+ Kg5 40. Rc1 Qxd6 41. Nh7+ Kh4 42. Ng5 Kxg5 43. h4+ Kh5 44. Ra1 Qd4 45. Rc1 Qxh4+ 46. Kg1 Qh2#) 36. Qa7 $2 {[%mdl 8192]} (36. Kg1 $11 Rdxd5 37. Bb2) 36... Re2 {[%cal Be5e2,Be2f2,Bf2f4][%mdl 32] ( -> ...Qxh3+!)} 37. Nf4 Rf2 38. Rg1 Rxf4 {Black mates.} 39. Bb2+ Rfd4 40. Rf1 Qe4 {Precision: White = 32%, Black = 62%.} 0-1

[Event "Gibraltar Challengers B 2019"]
[Site "Caleta"]
[Date "2019.01.28"]
[Round "3"]
[White "Maisuradze, Nino"]
[Black "Broekman, Willem"]
[Result "1/2-1/2"]
[WhiteElo "2215"]
[BlackElo "2071"]
[Annotator "TA"]
[PlyCount "169"]
[EventDate "2019.01.18"]
[EventType "swiss"]
[EventCountry "GGB"]
[SourceTitle "playchess.com"]
[Source "ChessBase"]
[SourceQuality "1"]

{[%evp 17,168,0,0,0,0,0,0,0,12,17,26,0,19,7,31,24,56,47,69,53,95,71,74,63,75,72,70,68,68,52,67,66,51,33,86,78,107,107,108,106,96,95,90,92,130,92,90,92,93,0,91,64,71,79,90,83,114,34,24,0,106,100,95,104,104,106,116,100,96,107,135,129,130,116,139,121,193,139,144,106,108,98,100,99,155,93,73,62,64,54,54,35,31,26,30,11,10,0,700,687,626,256,703,657,2673,2492,2127,1359,2154,1496,1018,0,0,0,0,0,0,0,8,8,8,8,8,8,8,8,8,8,8,8,8,0,8,0,0,0,0,0,0,0,0,0,0,0,0,0,0,0,0,0,0,0,0]} 1. d4 e6 2. c4 f5 3. Nc3 Nf6 4. e3 b6 5. Bd3 Bb7 6. f3 Bb4 7. Nge2 {A85: Dutch Defence: 2 c4 Nf6 3 Nc3} O-O 8. Qc2 c5 9. Bd2 Nc6 {LiveBook: 3 Games} 10. O-O cxd4 11. exd4 Rc8 12. a3 Bd6 13. b4 $146 Qe8 14. Be1 Qh5 15. Bg3 Bxg3 (15... f4 {is more complex.} 16. Nxf4 Bxf4 17. Bxf4 Nxd4 18. Qb2 Ne8) 16. hxg3 Qg5 17. Qc1 Qh5 18. Qe3 (18. Nb5 {keeps more tension.} Ne8 19. Qe3 Ba6 20. g4 Qh4 21. gxf5 exf5 22. Rac1) 18... Qe8 19. Nb5 Qe7 20. d5 exd5 21. Qxe7 Nxe7 22. Nxa7 Ra8 23. Nb5 dxc4 24. Bxc4+ Bd5 25. Bxd5+ Nfxd5 (25... Nexd5 $14 26. Rfd1 g6) 26. Rfd1 $16 g6 27. Nf4 Nxf4 28. gxf4 Rfd8 29. Nd6 Ra7 30. Rd3 Kf8 31. Rad1 Rc7 32. Nb5 Rb7 33. Nd6 Rc7 34. R1d2 Ng8 35. Nb5 Rb7 36. Rd6 Ne7 37. Nd4 (37. g4 $16) 37... Ra8 $14 38. Nb5 ({Better is} 38. Nc2 $11) 38... Rd8 $1 $16 39. Kf2 Nc8 40. R6d3 $36 {[%mdl 2048] Keeping Black busy.} Ne7 41. Nd6 Rc7 42. g4 fxg4 43. fxg4 Ng8 44. Kf3 Nf6 45. Nb5 Rb7 46. g5 Ng8 (46... Ne8 $16 47. Kg4 d6) 47. Rd6 (47. Rc2 $18) 47... Ne7 48. Rf6+ Kg8 49. Nd6 Ra7 50. Rd3 Rf8 (50... Rda8 $142) 51. Ne4 ({White should try} 51. Re3 Nc6 52. Kg4) 51... Rfa8 52. Rxb6 {Threatens to win with Nf6+.} Rxa3 53. Nf6+ Kf7 54. Rbd6 Rxd3+ 55. Rxd3 $14 {[%mdl 4096] Endgame KRN-KRN} h5 56. Rxd7 {Strongly threatening f5.} Ke6 57. Rb7 Nd5 $2 {[%mdl 8192] [#]} (57... Ra1 $11) 58. Nxd5 $18 Kxd5 {KR-KR} 59. Rb5+ (59. Rd7+ $142 Kc4 60. Rg7) 59... Kc4 $2 (59... Ke6 60. Rb6+ Kf7) 60. Rb6 Kd5 {intending ...Ra3+.} 61. Rxg6 Ra3+ 62. Kg2 Rb3 63. Rh6 Ke4 64. Rxh5 $2 (64. Rf6 $18 Rb2+ 65. Kg3) 64... Kxf4 $11 {The position is equal.} 65. g6 Rg3+ 66. Kf2 {[#] White wants to mate with Rh4+.} Rxg6 67. Ke2 {Kd3 is the strong threat.} Ke4 68. Kd2 {Hoping for Kc3.} Kd4 69. Rh4+ Kd5 70. Kc2 Rg3 71. Kb2 Kc6 72. Rh5 Kb6 73. Rc5 $1 Rh3 74. Rc8 Kb7 75. Rc3 Rxc3 76. Kxc3 {KP-K} Kb6 77. Kc4 $1 Kc6 78. b5+ {[%cal Bb4b5,Bb5b6,Bb6b7][%mdl 32]} Kb6 79. Kb4 $1 Kb7 80. Kc5 Kc7 81. b6+ Kb7 82. Kb5 Kb8 83. Kc6 $2 {[%mdl 8192]} (83. Ka4) 83... Kc8 84. b7+ Kb8 85. Kb6 {Accuracy: White = 57%, Black = 58%.} 1/2-1/2

[Event "Gibraltar Challengers B 2019"]
[Site "Caleta"]
[Date "2019.01.28"]
[Round "3"]
[White "Rodriguez Perez, Angel Mariano"]
[Black "Sidali, Elias Hulleberg"]
[Result "1-0"]
[WhiteElo "2204"]
[BlackElo "1783"]
[Annotator "TA"]
[PlyCount "101"]
[EventDate "2019.01.18"]
[EventType "swiss"]
[EventCountry "GGB"]
[SourceTitle "playchess.com"]
[Source "ChessBase"]
[SourceQuality "1"]

{[%evp 9,101,-10,-8,-11,-12,-12,31,1,13,10,42,13,28,5,12,0,7,0,7,3,10,0,15,0,0,7,4,0,47,31,62,18,72,72,73,64,70,75,83,75,75,67,70,59,59,53,154,100,229,233,214,196,233,178,140,131,129,123,177,167,733,748,747,729,1457,1311,1029,797,2516,2510,2425,2241,1709,1332,29962,29963,29973,29974,29972,29960,29979,29980,29980,29981,29981,29982,29982,29983,29983,29980,29979,29980,29991,29992]} 1. e4 e6 2. d4 d5 3. Bd3 dxe4 4. Bxe4 Nf6 5. Bf3 Be7 (5... c5 6. Ne2 Nc6 7. Be3 Nd5 8. Bxd5 Qxd5 9. Nbc3 Qxg2 10. Rg1 Qf3 11. Nb5 Rb8 12. dxc5 Bd7 13. Nc7+ Kd8 14. Nb5 {0-1 (54) Kramnik,V (2808)-Caruana,F (2808) Stavanger 2017}) 6. Ne2 {C01: French: Exchange Variation} O-O 7. O-O Nbd7 8. Nd2 {White is slightly better.} c6 9. Nc4 $146 ({Predecessor:} 9. c3 Nb6 10. Nf4 a5 11. Qc2 Qc7 12. g3 g6 13. Re1 Bd6 14. Nh3 e5 15. dxe5 Bxe5 {1-0 (29) Sazanov,V (1640)-Moews,H (1587) Mecklenburg VP 2007}) 9... Nb6 10. Nxb6 axb6 11. c3 b5 12. Nf4 Bd6 13. Nd3 Qc7 14. g3 Nd7 15. Be3 e5 16. a4 Rxa4 17. Rxa4 bxa4 18. Qxa4 b5 19. Qc2 Bb7 20. Nc5 exd4 (20... Bxc5 $11 {remains equal.} 21. dxc5 Nf6) 21. cxd4 $16 {[%cal Bc3d4,Bd4c5][%mdl 32]} Nxc5 22. dxc5 Be5 23. b4 Qc8 24. Rd1 Rd8 25. Re1 Re8 26. Qd3 Rd8 27. Qe4 Qe6 (27... Bc3 $14 28. Rb1 Bf6) 28. Bg4 ({Better is} 28. Bg5 f6 29. Bf4) 28... Qe8 (28... Qc4 $16 {keeps fighting.} 29. Bg5 (29. Qxe5 Qxg4 30. Qc7 Qd7 $14) 29... Qxe4 30. Rxe4 Bf6 31. Bxf6 gxf6) 29. Bf4 f6 30. Bxe5 $40 {[%mdl 128] White attacks with force.} Qxe5 31. Qxe5 fxe5 32. Rxe5 $18 {[%mdl 4096] Endgame KRB-KRB} Kf7 33. Bf3 Rd4 (33... Kf6 $16 {was called for.} 34. Re2 g5) 34. Re4 Rxe4 $2 {[#]} (34... Rd3) 35. Bxe4 {KB-KB} h6 36. f4 g5 37. Kf2 Kf6 38. Ke3 Ba8 39. g4 Bb7 40. Bf5 Ba6 41. Kf3 Bb7 42. Kg3 {White mates.} Ba6 43. h4 gxh4+ 44. Kxh4 Bb7 45. Kh5 Kg7 46. g5 hxg5 47. fxg5 {[%cal Bf4g5,Bg5g6][%mdl 32]} Ba6 48. Kg4 Kf7 49. Kf4 Ke7 50. Ke5 Bb7 51. g6 {Accuracy: White = 64%, Black = 29%.} 1-0

[Event "Gibraltar Challengers B 2019"]
[Site "Caleta"]
[Date "2019.01.28"]
[Round "3"]
[White "Saber, Yasser"]
[Black "Tkadlecek, Petr"]
[Result "1/2-1/2"]
[WhiteElo "2201"]
[BlackElo "1719"]
[Annotator "TA"]
[PlyCount "67"]
[EventDate "2019.01.18"]
[EventType "swiss"]
[EventCountry "GGB"]
[SourceTitle "playchess.com"]
[Source "ChessBase"]
[SourceQuality "1"]

{[%evp 9,67,-6,27,18,36,31,43,40,51,43,325,308,302,313,347,313,381,383,368,386,622,626,633,401,417,402,456,360,458,462,486,394,434,418,561,377,29977,29977,2774,1739,2072,1728,1943,442,435,400,1112,1068,29980,29981,29980,29979,29976,29979,29978,29979,29976,29978,29991,29992]} 1. e4 c5 2. Nf3 Nc6 3. Bb5 Qc7 4. c3 a6 (4... e6 5. O-O Nge7 6. Re1 a6 7. Ba4 b5 8. Bc2 Bb7 9. a4 b4 10. d4 Ng6 11. h4 cxd4 12. cxd4 {1-0 (95) Kosteniuk,A (2542)-Socko,M (2485) Khanty-Mansiysk 2017}) 5. Ba4 b5 6. Bc2 {B30: Sicilian: 2...Nc6 3 Bb5, lines without ...g6} e5 7. O-O Nf6 8. a4 $146 {And now axb5 would win.White is slightly better.} ({Predecessor:} 8. d4 d6 9. a4 Rb8 10. axb5 axb5 11. d5 Ne7 12. b4 Ng6 {½-½ (74) Dourerassou,J (2414)-Le Corre,B (2307) Montpellier 2015}) 8... b4 9. d4 Bd6 $2 {[%mdl 8192] [#]} ({Better is} 9... d6 $14) 10. dxe5 $1 $18 Bxe5 11. Nxe5 Qxe5 12. f4 Qe7 13. e5 Ng8 14. Nd2 {[%cal Bb1d2,Bd2e4,Be4g5][%mdl 32]} Nh6 $2 (14... d5 15. exd6 Qxd6) 15. Ne4 O-O 16. Be3 d6 17. exd6 Qh4 18. g3 Qh3 19. Ng5 Qd7 20. f5 {[%cal Bf4f5,Bf5f6][%mdl 32]} bxc3 21. bxc3 c4 22. f6 Re8 $2 (22... g6 $18 23. a5 Rb8) 23. Bxh7+ Kf8 24. fxg7+ Kxg7 25. Bd4+ Ne5 26. Bxe5+ (26. Qh5 $142 {Nxf7! would kill now.} Qxd6 27. Nxf7 Qxd4+ 28. cxd4 Nexf7 29. Qg6+ Kh8 30. Rxf7 Nxf7 31. Qf6+ Kxh7 32. Qxf7+ {[%mdl 64] Double Attack} Kh6 33. Qxe8) 26... Rxe5 27. Qd4 {[%mdl 64] Double Attack} f6 {[#]} (27... Qa7 $142 28. Be4 Qxd4+ 29. cxd4 Rxg5) 28. Rxf6 $3 {[%mdl 576] Clearance} Kxf6 29. Rf1+ {White mates.} Nf5 30. Rxf5+ Qxf5 31. Bxf5 Bxf5 32. Nf3 Rae8 33. g4 Bd3 34. d7 {[%mdl 32768] Accuracy: White = 82%, Black = 19%. . An unexpected result.} 1/2-1/2

[Event "Gibraltar Challengers B 2019"]
[Site "Caleta"]
[Date "2019.01.28"]
[Round "3"]
[White "Nikolaidis, Konstantinos"]
[Black "Cramling Bellon, Anna"]
[Result "1/2-1/2"]
[WhiteElo "2167"]
[BlackElo "2025"]
[Annotator "TA"]
[PlyCount "87"]
[EventDate "2019.01.18"]
[EventType "swiss"]
[EventCountry "GGB"]
[SourceTitle "playchess.com"]
[Source "ChessBase"]
[SourceQuality "1"]

{[%evp 34,87,59,66,79,92,72,62,59,0,0,0,0,-37,0,0,0,-38,-50,-47,-21,-52,-60,-51,-49,-41,-55,-44,-29,-72,-72,-63,-70,-105,-47,-47,-12,-12,-12,-11,-12,-11,-13,-13,-11,-11,-11,-15,-10,-31,-31,-39,0,-29985,-18,-29985]} 1. e4 c5 2. Nf3 e6 3. d4 cxd4 4. Nxd4 Nf6 5. Nc3 Nc6 6. Ndb5 d6 7. Bf4 e5 8. Bg5 a6 9. Na3 b5 10. Bxf6 gxf6 11. Nd5 f5 12. c3 Bg7 13. exf5 Bxf5 14. Nc2 Be6 15. g3 O-O 16. Bg2 Rc8 {B33: Sicilian: Pelikan and Sveshnikov Variations} (16... a5 17. O-O Rb8 18. Qd2 Qd7 19. Rad1 Kh8 20. Rfe1 f5 21. Nf4 exf4 22. Bxc6 Qxc6 23. Nd4 Qd5 24. Nxe6 Qxd2 25. Rxd2 Rfe8 26. gxf4 {½-½ (35) Mamedov,N (2588)-Zhigalko,S (2653) Izmir 2016}) 17. O-O f5 18. a4 {LiveBook: 3 Games} e4 {White is slightly better.} 19. axb5 axb5 20. Ra6 $146 ({Predecessor:} 20. f3) 20... Kh8 21. f4 (21. f3 $14) 21... Nb8 $11 {[%cal Bc6b8,Bb8d7,Bd7c5,Bc5d3][%mdl 32]} 22. Ra3 Nd7 23. Nce3 Nc5 24. Qe2 Nd3 25. g4 Bxd5 26. Nxd5 {[#] Black must now prevent gxf5.} b4 $1 {[%mdl 576] Decoy} 27. cxb4 Nxb4 28. Nxb4 {Threatens to win with Nd5.} Qb6+ {[%mdl 64] Double Attack} 29. Kh1 $1 {Hoping for Nd5.} Qxb4 30. gxf5 d5 ({Much weaker is} 30... Qxb2 31. Qxb2 Bxb2 32. Ra2 $11) 31. Ra7 {Black should prevent f6!} Qxb2 32. Qxb2 Bxb2 33. Ra5 Rcd8 (33... Rfe8 $17 {And now ...e3 would win.} 34. Ra2 Bc3) 34. Rd1 $15 e3 35. Raxd5 Rxd5 36. Bxd5 Rxf5 $11 {[%mdl 4096] Endgame ...e2 is the strong threat. KRB-KRB} 37. Bf3 Rxf4 38. Kg2 Bc3 39. Rd8+ Kg7 40. Rd7+ Kh6 41. Rd6+ Kg5 42. Rd5+ Kh6 43. Kh1 $2 {[%mdl 8192] [#]} (43. Rd6+ $11 Kg5 44. Rd7) 43... Rf8 $2 (43... Rxf3 {mates} 44. Rd6+ Kg5 45. Re6 Kg4 46. Kg2 Rf2+ 47. Kg1 Bd4 48. Re4+ Kf3 49. Re7 Rg2+ 50. Kh1 e2 51. Rf7+ Kg4 52. Kxg2 e1=Q 53. h3+ Kg5 54. Kf3 Qe3+ 55. Kg2 Qe2+ 56. Kh1 Qe8 57. Rf6 Qe1+ 58. Kg2 Qe2+ 59. Kh1 Kxf6 60. h4 Qf1+ 61. Kh2 Be5#) 44. Rd1 $2 {[%mdl 40960] Accuracy: White = 44%, Black = 51%. . An unexpected result.} (44. Kg2 $11) 1/2-1/2

[Event "Gibraltar Challengers B 2019"]
[Site "Caleta"]
[Date "2019.01.28"]
[Round "3"]
[White "Orndahl, Mats"]
[Black "Kakulidis, Ellen"]
[Result "1-0"]
[WhiteElo "2160"]
[BlackElo "2021"]
[Annotator "TA"]
[PlyCount "73"]
[EventDate "2019.01.18"]
[EventType "swiss"]
[EventCountry "GGB"]
[SourceTitle "playchess.com"]
[Source "ChessBase"]
[SourceQuality "1"]

{[%evp 15,72,-7,-4,-36,2,2,0,-5,-2,-7,18,9,14,8,15,18,34,35,36,43,88,34,69,39,108,104,130,83,64,-1,0,-24,87,88,83,67,172,147,346,343,335,337,444,427,865,829,1318,1314,29987,29988,29992,29986,29990,29991,29991,29992,29992,29993,29999]} 1. d4 d5 2. Bf4 e6 3. e3 Nf6 4. Nd2 Bd6 5. Bg3 c5 6. c3 Qc7 7. Bd3 Nbd7 8. Ngf3 O-O 9. e4 {aiming for e5. D02: 1 d4 d5 2 Nf3 sidelines, including 2...Nf6 3 g3 and 2...Nf6 3 Bf4} (9. Qc2 e5 10. dxe5 Nxe5 11. Nxe5 Bxe5 12. Nf3 Bxg3 13. hxg3 h6 14. c4 Be6 15. O-O Rfd8 16. Rac1 Rac8 17. cxd5 Nxd5 {½-½ (36) Vachier Lagrave,M (2779)-Dominguez Perez,L (2739) chess.com INT 2018}) 9... e5 (9... cxd4 {keeps more tension.} 10. cxd4 dxe4 11. Rc1 Qb6 12. Bxd6 Qxd6 13. Bxe4 Nxe4 14. Nxe4 Qa6) 10. O-O exd4 11. cxd4 {e5 is the strong threat.The position is equal.} Bxg3 12. hxg3 cxd4 13. exd5 Nxd5 14. Nxd4 N7f6 15. Rc1 Qb6 $146 ({Predecessor:} 15... Qe5 16. Nc4 Qg5 {0-1 (66) Alumert,O (1861)-Ozel,S (1501) Konya 2018}) 16. Nc4 Qd8 17. Re1 g6 18. Be2 (18. Ne5 $16) 18... Nb6 19. Ne3 Nbd7 (19... Nbd5 $14) 20. Nb5 $36 {[%mdl 2048] Black is under strong pressure.} Ne5 21. Rc5 Nc6 22. Qc2 (22. Bf3 $14) 22... Be6 $11 23. Bf3 Qb6 (23... Nd7 $11 24. Rc3 Nde5) 24. Bxc6 $16 bxc6 {[#]} 25. Nd4 $1 {[%cal Bb5d4,Bd4c6,Bc6e7][%mdl 32]} Bd5 ({Black should try} 25... Bxa2 $14 26. Nxc6 Rfe8) 26. Nxc6 $18 Be4 $2 (26... Rae8 $16 27. Rd1 Be4) 27. Ne7+ Kg7 28. Qc3 Rfe8 29. Re5 Kf8 (29... Bb7 $142 30. g4 h6) 30. Nc4 Qb7 31. Nd6 {[%mdl 64] [#] Double Attack} Qb8 32. Nxe8 {White mates.} Qb7 33. Nd6 Qd7 34. Nxe4 Ng4 35. Nc5 Qd6 36. Rd5 {[%cal Rc3h8]} Qb6 37. Qh8# {Accuracy: White = 52%, Black = 19%.} 1-0

[Event "Gibraltar Challengers B 2019"]
[Site "Caleta"]
[Date "2019.01.28"]
[Round "3"]
[White "Jordan Martinez, Miguel"]
[Black "Weeramantry, Sunil"]
[Result "1-0"]
[WhiteElo "2142"]
[BlackElo "2007"]
[Annotator "TA"]
[PlyCount "113"]
[EventDate "2019.01.18"]
[EventType "swiss"]
[EventCountry "GGB"]
[SourceTitle "playchess.com"]
[Source "ChessBase"]
[SourceQuality "1"]

{[%evp 15,113,37,40,25,23,0,0,7,59,35,33,-40,0,-22,0,-145,-139,-164,-165,-155,-162,-159,-157,-155,-90,-102,-88,-209,-93,-280,-88,-94,-83,-69,-67,-150,-139,-133,-94,-117,-8,-12,-20,-8,-23,-20,-21,-14,-5,-5,-19,-21,-32,0,0,0,0,0,0,0,0,0,25,0,0,0,515,518,451,503,623,595,979,870,811,786,1050,597,577,597,3230,4133,1935,1571,2800,1891,4698,2984,29979,29979,29982,29983,29984,29985,29984,29982,29989,29984,29982,29983]} 1. e4 d6 2. d4 g6 3. Nc3 Bg7 4. Be3 c6 5. Qd2 Nd7 6. O-O-O b5 7. Kb1 Qa5 {B06: Modern Defence} (7... Nb6 8. Bd3 b4 9. Nce2 a5 10. h4 h5 11. Nh3 d5 12. Ng5 Nh6 13. f3 dxe4 14. Nxe4 Nd5 15. Bf2 {1-0 (35) Chirila,I (2552)-Zherebukh,Y (2627) Greensboro 2017}) 8. f3 Nb6 {LiveBook: 3 Games} 9. Bd3 Rb8 {White has an edge.} 10. g4 Be6 $146 {[#] Strongly threatening ...b4.} (10... b4 $5 11. Nce2 $8 c5 $11) ({Predecessor:} 10... Nc4 11. Bxc4 bxc4 12. Nce2 Qxd2 13. Rxd2 d5 14. Nc3 e6 {1-0 (48) Blonna,M (2012)-Stoja,R (1864) Viterbo 2009}) 11. b3 Nc4 ({Better is} 11... b4 $11 12. Nce2 c5) 12. Bxc4 $1 $14 bxc4 13. Kb2 (13. h4 $14) 13... Nf6 {[%cal Bg8f6,Bf6d7,Bd7b6][%mdl 32]} 14. Nge2 Nd7 15. Nf4 (15. Nd5 $1 $11 Qd8 16. Ndf4) 15... Nb6 $17 {...cxb3 is the strong threat.} 16. Nxe6 fxe6 17. Ka1 O-O 18. f4 c5 19. Ne2 Qa3 (19... Qa6 $142 20. g5 Nd7) 20. Rb1 Qa6 21. Rb2 (21. f5 $17) 21... Rfc8 (21... Qb7 $19 {has better winning chances.} 22. Nc3 cxd4 23. Bxd4 Bxd4 24. Qxd4 Rxf4) 22. Kb1 $2 (22. h4 $17) 22... cxd4 $2 (22... Qb7 $19 23. Nc3 cxb3 24. Rxb3 Nc4) 23. Bxd4 Bxd4 24. Qxd4 Qa5 25. c3 (25. Ka1 $15) 25... cxb3 26. axb3 Qa3 27. Qd2 Rc6 (27... Nd7 $17 28. Qc2 e5) 28. Nd4 $1 $11 {[%csl LRc6,LRe6]} Nc4 $1 {[%cal Rc4d2]} 29. bxc4 Rxb2+ 30. Qxb2 Rb6 {[%csl Gb6][%cal Ra3b2]} 31. Nb5 Qc5 $1 {[%cal Rc5c4]} 32. Qb4 Qe3 33. Ka2 $1 a6 34. Rb1 $1 axb5 35. cxb5 {Hoping for Qd4.} Qxf4 {[%mdl 4096] Endgame KQR-KQR} 36. Qd4 $36 {[%mdl 2048] White has some pressure.} Rb8 37. b6 Ra8+ 38. Kb3 Qxh2 {( -> ...Qa2+)} 39. Rb2 Qf4 $1 40. Qc4 d5 $2 {[%mdl 8192]} (40... Qxg4 $11 41. b7 Qd1+ 42. Rc2 Qb1+ 43. Rb2 Qd1+ 44. Rc2 Qb1+ 45. Rb2 Qd1+) 41. Qc6 $18 Rb8 42. Qxe6+ Kf8 43. exd5 Ra8 {[%csl Ga8][%cal Rf4a4]} 44. Qc6 Rb8 45. b7 Kg7 46. Qd7 Qe5 47. Ra2 Qd6 48. Qxd6 exd6 {KR-KR} 49. Ra7 Kf6 50. Kb4 Ke5 51. c4 h5 52. gxh5 {White mates.} gxh5 53. Kb5 h4 54. Kc6 h3 55. Ra3 Rh8 {[#]} 56. Rxh3 $1 {[%mdl 512]} Rxh3 57. b8=Q {Precision: White = 54%, Black = 43%.} 1-0

[Event "Gibraltar Challengers B 2019"]
[Site "Caleta"]
[Date "2019.01.28"]
[Round "3"]
[White "Kandic, Milan"]
[Black "Bryn, Askild"]
[Result "1/2-1/2"]
[WhiteElo "2136"]
[BlackElo "2010"]
[Annotator "TA"]
[PlyCount "135"]
[EventDate "2019.01.18"]
[EventType "swiss"]
[EventCountry "GGB"]
[SourceTitle "playchess.com"]
[Source "ChessBase"]
[SourceQuality "1"]

{[%evp 16,135,72,39,56,84,122,67,108,81,87,87,85,35,30,15,25,-21,27,0,32,34,79,28,125,55,54,45,54,41,47,9,28,0,61,60,52,12,18,24,43,-22,-32,-35,-34,-43,-42,-43,-25,-26,-31,-25,-28,-26,0,-20,-21,-25,-27,-126,-20,-23,-20,-20,-16,-18,-18,-16,-25,-16,-16,-25,-4,-7,-8,-120,-67,-390,-417,-390,0,0,0,0,0,0,0,0,0,0,0,0,0,0,0,0,0,0,0,0,0,0,0,0,0,0,0,0,0,0,0,0,0,0,0,0,0,0,0,0,0,0]} 1. e4 c6 2. Nc3 d5 3. Nf3 dxe4 4. Nxe4 Nf6 5. Nxf6+ gxf6 6. d4 Bg4 7. Be2 e6 8. Bf4 Nd7 {B16: Caro-Kann: Bronstein-Larsen Variation} 9. O-O {LiveBook: 4 Games} (9. h3 Bf5 10. Qd2 Nb6 11. c4 Rg8 12. Bg3 Be4 13. Rc1 f5 14. O-O Qf6 15. Bf4 Rd8 16. Rfd1 {½-½ (34) Georgiadis,N (2478)-Bauer,C (2630) Switzerland 2017}) 9... Rg8 10. c4 {[%cal Bc2c4,Bc4c5][%mdl 32]} Nb6 $146 {White is better.} ({Predecessor:} 10... f5 11. d5 cxd5 12. cxd5 Bxf3 13. Bxf3 e5 14. d6 Qb6 15. Be3 Qxd6 {1-0 (26) Dragnev,V (2385)-Chabanon,J (2472) Germany 2015}) 11. Rc1 (11. Qb3 $16) 11... Nc8 12. Qb3 Qb6 13. Qc3 Ne7 14. c5 Qd8 15. Qb3 Qd7 16. a4 Rd8 17. Kh1 h5 18. h3 Ng6 19. Bh2 (19. Bg3 $16) 19... Bf5 (19... Bxf3 $1 $11 20. Qxf3 (20. Bxf3 Nh4 $11) 20... Qd5) 20. Rcd1 (20. d5 $16 Qxd5 21. Qxb7) 20... Be4 $14 21. Qe3 Bd5 22. b3 Rh8 23. Bc4 Bh6 24. Qe2 Nf4 (24... Bf4 $11) 25. Bxf4 $1 Bxf4 26. Nh4 Kf8 27. Bxd5 Qxd5 28. Qf3 (28. Nf3 $14) 28... Bg5 $11 29. Qxd5 Rxd5 30. Nf3 Bh6 31. b4 Ke7 32. b5 Rhd8 33. bxc6 bxc6 34. Rb1 R5d7 35. Rb3 Bg7 36. a5 f5 37. Ne5 {[#]} (37. Rd1 $11 {remains equal.}) 37... Bxe5 (37... Rc7 $1 $17 38. Rb4 Bxe5 39. dxe5 Rd5) 38. dxe5 $17 {[%mdl 4096] Endgame KRR-KRR} Rd5 39. Rb7+ R8d7 40. Rfb1 Rxc5 41. Rxd7+ Kxd7 $11 {KR-KR} 42. Rb7+ Kc8 43. Rxa7 Rxe5 {Black wants to play ...c5.} 44. a6 Ra5 45. Rxf7 (45. g3 $11 {keeps the balance.}) 45... Rxa6 $17 46. Rh7 $2 {[%mdl 8192] [#]} ({White should try} 46. Re7 $15) 46... c5 $1 $19 47. Rxh5 Kd7 $2 ({Black should play} 47... Rc6 $19 48. Rh8+ Kb7) 48. g4 $1 $11 {The position is equal.} c4 {aiming for ...c3.} 49. gxf5 c3 {Hoping for ...c2.} 50. fxe6+ Rxe6 51. Rd5+ Rd6 52. Rc5 Rc6 53. Rd5+ $1 Ke6 54. Rd1 c2 55. Rc1 Kd5 {Threatens to win with ...Ke4.} 56. Kg2 Kd4 {...Kc3 is the strong threat.} 57. h4 Kd3 {White must now prevent ...Kd2.} 58. Kg3 Rg6+ 59. Kf4 Rf6+ 60. Kg5 Rxf2 (60... Rf3 {is more complex.} 61. h5 Rh3 62. h6 Kd2 63. Rxc2+ Kxc2 64. Kg6 Kd3) 61. h5 Kd2 {[#]} 62. Rxc2+ $1 {[%mdl 512]} Kxc2 {KR-KP} 63. Kg6 Kd3 64. h6 Ke4 65. h7 Rg2+ 66. Kf6 Rh2 67. Kg7 {[#]} Rxh7+ $1 {[%mdl 512]} 68. Kxh7 {Accuracy: White = 45%, Black = 48%.} 1/2-1/2